000 02325cam a22005414i 4500
003 PE-LiUPU
005 20250731173550.0
008 150616s1994 rb 000 0 d
035 _a(Sirsi) a9558
040 _aPE-LiUPU
_bspa
_cPE-LiUPU
_erda
049 _aPRUA
082 0 4 _b
_221
082 0 4 _a280.78
_bK22 1994
100 1 _aKapsoli Escudero, Wilfredo,
_eautor.
245 1 0 _aGuerreros de la Oración; las nuevas iglesias en el Perú.
264 1 _aLima :
_bSepec,
_c1994.
300 _a505 páginas ;
_c22 cm.
336 _atext
_2rdacontent
337 _aunmediated
_2rdamedia
338 _avolume
_2rdacarrier
504 _aBibliografía: páginas 495-505.
505 0 _aLos signos de la crisis -- El hervor de las iglesias -- La dinamita del espiritu -- El último sendero.
526 _aSEG42
526 _aSEG41
526 _aSEG40
526 _aSEG39
526 _aP94
526 _aP87
526 _aP86
526 _aP85
526 _aP77
526 _aP76
526 _aP35
650 0 4 _aPENTECOSTALISMO - PERU.
910 _ajck
_bjvq
_cjck
_gvs
942 _2ddc
_cBOOK
949 _a280.78 K22
_wDEWEY
_c1
_i43049
_lCCODEBUL1
_mBUL
_p00.00
_r0
_sY
_tBOOK
_u2015-04-23
_xBIBLIOTECA
_zUNKNOWN
_0COMPRA
_o.STAFF. Colección General
949 _a280.78 K22
_wDEWEY
_c2
_i43048
_lCCODEBUL1
_mBUL
_p00.00
_r0
_sY
_tBOOK
_u19970814
_xTEOLOGIA
_zUNKNOWN
_0COMPRA
_o.STAFF. Colección General
949 _a280.78 K22 1994
_wDEWEY
_c1
_iFT00344
_lCCODEBUT1
_mBUT
_p{Dolar}30.00.00
_r0
_sY
_tBOOK
_u2018-06-25
_xBIBLIOTECA
_zUNKNOWN
_o.STAFF. Colección General Tarapoto
994 _aC0
_bPEPRU
596 _a1 2
999 _a280.78 K22
_wDEWEY
_c61023
_i43049
_d61023
_f2021-11-11
_g5
_lCCODEBUL1
_mBUL
_q1
_r0
_sY
_tBOOK
_u2015-4-23
_xTEOLOGIA
_zUNKNOWN
_0COMPRA
_o.STAFF. Colección General
999 _a280.78 K22
_wDEWEY
_c2
_i43048
_d2018-11-23
_f2021-11-11
_g5
_lCCODEBUL1
_mBUL
_q2
_r0
_sY
_tBOOK
_u2015-6-16
_xTEOLOGIA
_zUNKNOWN
_0COMPRA
_o.STAFF. Colección General
999 _a280.78 K22 1994
_wDEWEY
_c1
_iFT00344
_f2019-2-20
_g1
_lCCODEBUT1
_mBUT
_p30.00
_r0
_sY
_tBOOK
_u2018-6-25
_xBIBLIOTECA
_zUNKNOWN
_0DONACION
_o.STAFF. Colección General Tarapoto
980 _81
_gALBERTO SANCHEZ Responsable de Automatización